Movie Posters III Quiz Stats

 Plays Quiz Updated Jun 22, 2017

Support Sporcle.
Go Orange.
Score 0/24 Timer 05:00
11 Plays Today
% Correct
Jaws
98.4%
The Incredibles
95.4%
The Hangover
93.9%
Juno
91%
Dumb and Dumber
90.2%
The 40 Year Old Virgin
88.8%
Mary Poppins
88.6%
American Pie
85.5%
Wedding Crashers
83.6%
Airplane!
76.2%
Star Trek
75%
Groundhog Day
70.2%
% Correct
Shutter Island
67.3%
Rain Man
64.9%
Breakfast at Tiffany's
62.3%
District 9
57.2%
Crouching Tiger, Hidden Dragon
55.2%
Schindler's List
51.7%
Memento
50.2%
Wall Street
47.6%
JFK
35.6%
Moonstruck
30%
The Sting
22.4%
Boys Don't Cry
21.3%

You're not logged in!

Compare scores with friends on all Sporcle quizzes.
OR
Log In
Forgot?

From the Vault

Find That Capital: Hot or Cold

by RobPro

Depending on where these capitals are, this might be the hottest they'll ever be.
Remove Ads.
Support Sporcle.
Get the best of Sporcle when you Go Orange. This ad-free experience offers more features, more stats, and more fun while also helping to support Sporcle. Thank you for becoming a member.

Show Comments

Extras

Top Quizzes Today


Score Distribution

Your Account Isn't Verified!

In order to create a playlist on Sporcle, you need to verify the email address you used during registration. Go to your Sporcle Settings to finish the process.

Report this User

Report this user for behavior that violates our Community Guidelines.

Details: